000 nam a22 7a 4500
999 _c46969
_d46969
003 OSt
005 20190501101408.0
008 190501b xxu||||| |||| 00| 0 eng d
040 _cIIMT COLLEGE OF LAW,GREATER NOIDA
100 _aNAZMI,MOHAMMADAN LAW
245 _aMOHAMMADAN LAW
260 _aALLAHABAD
_bC.L.A
_c2012
300 _a368
942 _2ddc
_c02